00438 2200157 4500001002100000005001500021035002000036245008200056100001700138300002500155260004400180082000800224084001400232020002200246990001200268INLIS00000000000255920250605104911 a0010-06250001451 aPerpustakaan Idaman :bPanduan Praktis Mengelola Perpustakaan /cKarin Karina0 aKarin Karina a90 hlm ;c15 x 23 cm aJakarta :bEsensi Erlangga Group,c2023 a020 a020 KAR p a978-623-7478-63-8 a0754881